00510nam a2200181Ia 45000010006000000050017000060070003000230080041000260400025000670820019000921000023001112450077001342500015002112600046002263000019002726530020002916530017003113588520240114001834.0ta070402s1968 g b000 u u aCotton College,Assam a612bPe 314 An aPearce, Evelyn C . 0aAnatomy And Physiology For Nurses /cEvelyn C.Pearce.hTextual Documents a16th ed. / aDelhi :bOxford University Press ,c1968. a410p. ;c18cm. aMedical Sciense aG-Technology